00672nam a22001937a 4500999001900000005001700019010001500036020003100051035001400082037001300096082001200109100001700121245006200138260005400200270003600254300002600290942002600316952013600342 c188311d18831120220518151639.0 aENG-132646 a978-93-89740-72-1c1995.00 aEN-116178 bDBAD/PUB a150.724 aChaube, S.P. aExperimental Psychology/cS.P. Chaube and Akhilesh Chaube aHyderabadbNeelkamal Publications PVT. Ltd.c2021 aSultan BazarbHyderabade500095 axxiii,470pc24cm(hbk) 2ddccENmCHAh150.724 001040708NFICaAVbAVd2022-05-18eDBAD/PUBg1995.00l1o150.724 CHApEN-116178r2025-04-09 00:00:00s2025-03-21t1v1995.00yEN